| 000 | 00965nac a22002891i 4500 | ||
|---|---|---|---|
| 003 | EG-ScBUE | ||
| 005 | 20230314134415.0 | ||
| 008 | 230314s2006 enka f b 001 0 eng d | ||
| 020 | _a0521547903 (pbk.) | ||
| 020 | _a9780521547901 | ||
| 040 |
_aEG-ScBUE _beng _erda _cEG-ScBUE _dEG-ScBUE |
||
| 043 | _ae-uk-en | ||
| 082 | 0 | 4 |
_a792.0942 _bTHO _222 |
| 100 | 1 |
_aThomson, Peter, _d1938- _eauthor. |
|
| 245 | 1 | 4 |
_aThe Cambridge introduction to English theatre, 1660-1900 / _cPeter Thomson. |
| 264 | 1 |
_aCambridge : _bCambridge University Press, _c2006. |
|
| 300 |
_axiv, 310 pages : _billustrations ; _c24 cm. |
||
| 336 |
_2rdacontent _atext _btxt |
||
| 337 |
_2rdamedia _aunmediated _bn |
||
| 338 |
_2rdacarrier _avolume _bnc |
||
| 490 | _aCambridge introductions to literature | ||
| 504 | _aIncludes bibliographical references and index. | ||
| 650 | 7 |
_aTheater _zEngland _xHistory. _2BUEsh |
|
| 653 | _bART | ||
| 655 | _vReading book | ||
| 942 |
_cBB _2ddc |
||
| 999 |
_c6366 _d6366 |
||